00796nam a22002177a 450000500170000001000150001702000260003203500130005803700130007108200140008410000190009824500880011726000300020527000930023530000250032850000190035370000200037294200280039299900190042095201390043920161206101154.0 aENG-116302 a9789350357576c365.00 aEN-99834 bDBAD/PUB a344.54046 aNawneet Vibhaw aEnviromental law an introduction /cby Nawneet Vibhaw ; foreword by Swatanter Kumar aGurgaonbLexisNexisc2016 a14th Floor, Building No.10, Tower-B, DLF Cyber City, Phase-IIbGurgaon (Haryana)e122002 axxx,342p.c24cm(pbk) aIncludes index aSwatanter Kumar 2ddccENmNAWh344.54046 c104244d104244 001040718NFICaDBADbDBADd2016-10-25eDBAD/PUBg365.00l0o344.54046 NAWpEN-99834r2016-10-25 00:00:00t1v365.00w2016-10-25yEN